[Event "Bern zt"]
[Site "Bern"]
[Date "1990.??.??"]
[Round "8"]
[White "Lobron, Eric"]
[Black "Hug, Werner"]
[Result "1/2-1/2"]
[WhiteElo "2545"]
[BlackElo "2445"]
[EventDate "1990.01.??"]
[PlyCount "114"]

1.d4 Nf6 2.Nf3 g6 3.Bg5 Bg7 4.Nbd2 d5 5.c3 Nbd7 6.b4 O-O 7.e3 Re8 8.Qb3 c6
9.Be2 a5 10.a4 e5 11.O-O axb4 12.Qxb4 exd4 13.cxd4 Bf8 14.Qc3 Bd6 15.Bh4 
Qc7 16.Bg3 Nh5 17.Bxd6 Qxd6 18.Rfe1 f5 19.a5 Nhf6 20.Qa3 Qc7 21.Qb4 Ne4 
22.Bf1 Ndf6 23.h3 Nxd2 24.Nxd2 Qe7 25.Qxe7 Rxe7 26.Nb3 Ne4 27.Bd3 Nd6 28.
Nc5 f4 29.e4 dxe4 30.Nxe4 Nxe4 31.Bxe4 Kf8 32.f3 Rd7 33.Ra4 Rd6 34.Rb1 Ke7
35.h4 Kd8 36.Rc1 Be6 37.Rb4 Kc7 38.Rc5 Bd5 39.Bxd5 Rxd5 40.Rxd5 cxd5 41.
Rb5 Kc6 42.Rc5+ Kd6 43.Kh2 Ra6 44.Rb5 Kc6 45.Rc5+ Kd6 46.Kh3 b6 47.axb6 
Rxb6 48.Rc8 Rb4 49.Rh8 Rxd4 50.Rxh7 Ke5 51.h5 gxh5 52.Rxh5+ Ke6 53.Kg4 Rd2
54.Kxf4 Rxg2 55.Rh6+ Ke7 56.Kf5 Re2 57.Ra6 d4 1/2-1/2

[Event "Bern zt"]
[Site "Bern"]
[Date "1990.??.??"]
[Round "8"]
[White "Rechlis, Gad"]
[Black "Bruk, Ofer"]
[Result "1/2-1/2"]
[WhiteElo "2470"]
[BlackElo "2435"]
[EventDate "1990.01.??"]
[PlyCount "82"]

1.e4 e6 2.d4 d5 3.Nd2 c5 4.Ngf3 Nc6 5.exd5 exd5 6.Bb5 Bd6 7.O-O Ne7 8.dxc5
Bxc5 9.Nb3 Bb6 10.Re1 O-O 11.Bg5 f6 12.Be3 Bxe3 13.Rxe3 Bg4 14.h3 Bxf3 15.
Qxf3 Ne5 16.Qd1 Qb6 17.Bf1 Rfd8 18.Nd4 N7c6 19.Ne6 Rd7 20.Rb3 Nb4 21.Nxg7 
Rxg7 22.a3 Kh8 23.Rxb4 Qe6 24.g3 a5 25.Rf4 Qb6 26.Kh2 Qxb2 27.Bg2 Rc8 28.
Rb1 Qxc2 29.Qxc2 Rxc2 30.Bxd5 Rd7 31.Bxb7 Rdd2 32.Rxf6 Kg7 33.Ra6 Rxf2+ 
34.Kg1 Rf3 35.Be4 Rxg3+ 36.Kf1 Rc7 37.Kf2 Rxa3 38.Rg1+ Ng6 39.Bxg6 hxg6 
40.Rgxg6+ Kh7 41.Rh6+ Kg7 1/2-1/2

[Event "Bern zt"]
[Site "Bern"]
[Date "1990.??.??"]
[Round "9"]
[White "Brunner, Lucas"]
[Black "Manor, Ilan"]
[Result "0-1"]
[WhiteElo "2525"]
[BlackElo "2450"]
[EventDate "1990.01.??"]
[PlyCount "72"]

1.e4 d5 2.exd5 Nf6 3.c4 e6 4.dxe6 Bxe6 5.Nf3 Nc6 6.Be2 Bc5 7.O-O Qd7 8.Nc3
O-O-O 9.Na4 Bd4 10.d3 Rhe8 11.Bf4 Bf5 12.Re1 Ng4 13.Bg3 Nge5 14.Nxd4 Nxd4 
15.Nc3 Bxd3 16.Bg4 Nxg4 17.Qxd3 Ne2+ 18.Qxe2 Rxe2 19.Rxe2 Re8 20.Rxe8+ 
Qxe8 21.Nb5 Qe2 22.b3 f5 23.Rf1 Qxa2 24.h3 Nf6 25.Nxc7 Qxb3 26.Nb5 Ne4 27.
Nxa7+ Kd7 28.Be5 g6 29.Kh2 Qxc4 30.Rb1 Nc5 31.f4 Qd5 32.Nb5 Nd3 33.Nc3 Qc6
34.Rd1 Qc4 35.Ne2 Ke7 36.Bb8 Qc2 0-1

[Event "Bern zt"]
[Site "Bern"]
[Date "1990.??.??"]
[Round "9"]
[White "Hickl, Joerg"]
[Black "Bischoff, Klaus"]
[Result "0-1"]
[WhiteElo "2500"]
[BlackElo "2505"]
[EventDate "1990.01.??"]
[PlyCount "126"]

1.e4 e5 2.Nf3 Nc6 3.Bc4 Bc5 4.c3 Nf6 5.d3 a6 6.O-O Ba7 7.Bb3 d6 8.Nbd2 O-O
9.Re1 Ng4 10.Re2 Kh8 11.h3 Nh6 12.Nf1 f5 13.exf5 Nxf5 14.Bg5 Qd7 15.Qd2 h6
16.Nh4 Nxh4 17.Bxh4 g5 18.Bg3 Qg7 19.Rae1 Bd7 20.Kh1 Rae8 21.Bd5 b5 22.Nh2
Ne7 23.Bf3 Qf7 24.d4 exd4 25.cxd4 Nf5 26.Rxe8 Rxe8 27.Rxe8+ Qxe8 28.d5 
Nxg3+ 29.fxg3 Qe3 30.Qd1 Bd4 31.Bg4 Be8 32.b3 Bg6 33.Nf3 Bf6 34.Bc8 a5 35.
Ba6 b4 36.Bc8 Kg7 37.g4 Bc3 38.Bf5 Bf7 39.Kh2 Qf2 40.Be6 Bg6 41.Bf5 Bf7 
42.Qd3 Be5+ 43.Nxe5 Qf4+ 44.Kh1 Qc1+ 45.Kh2 Qf4+ 46.Kh1 Qxe5 47.Be4 Qa1+ 
48.Kh2 Qc3 49.Qb1 Qe5+ 50.Kh1 Bxd5 51.Bxd5 Qxd5 52.Qc2 c5 53.Qe2 Kf6 54.
Qb5 Ke5 55.Qxa5 Kd4 56.Qd8 Kc3 57.Qf6+ Qe5 58.Qxh6 d5 59.Qf8 d4 60.Qf1 Kd2
61.Qf5 Qe7 62.Kh2 d3 63.h4 Qd6+ 0-1

[Event "Bern zt"]
[Site "Bern"]
[Date "1990.??.??"]
[Round "9"]
[White "Hug, Werner"]
[Black "Rechlis, Gad"]
[Result "1/2-1/2"]
[WhiteElo "2445"]
[BlackElo "2470"]
[EventDate "1990.01.??"]
[PlyCount "37"]

1.Nf3 g6 2.d4 Bg7 3.e4 d6 4.c3 Nf6 5.Bd3 O-O 6.O-O Nc6 7.Nbd2 e5 8.dxe5 
dxe5 9.Nc4 Nh5 10.Bg5 Qe8 11.Re1 Be6 12.Bf1 f6 13.Be3 Qf7 14.Qa4 Rfd8 15.
Na5 Nxa5 16.Qxa5 Bf8 17.Qa4 a6 18.Qc2 Ng7 19.Red1 1/2-1/2

[Event "Bern zt"]
[Site "Bern"]
[Date "1990.??.??"]
[Round "9"]
[White "Wahls, Matthias"]
[Black "Brestian, Egon"]
[Result "1/2-1/2"]
[WhiteElo "2565"]
[BlackElo "2470"]
[EventDate "1990.01.??"]
[PlyCount "43"]

1.e4 c6 2.d4 d5 3.exd5 Qxd5 4.Nc3 Qd8 5.Bc4 Nf6 6.Nf3 Bf5 7.Ne5 e6 8.g4 
Be4 9.Nxe4 Nxe4 10.Qf3 Nd6 11.Bb3 Nd7 12.Bf4 Nxe5 13.dxe5 Nb5 14.c3 Be7 
15.Bg3 O-O 16.h4 Qa5 17.O-O-O Rad8 18.h5 Nc7 19.Qe4 Rxd1+ 20.Rxd1 Rd8 21.
Rxd8+ Bxd8 22.Bc2 1/2-1/2

[Event "Bern zt"]
[Site "Bern"]
[Date "1990.??.??"]
[Round "9"]
[White "Zueger, Beat"]
[Black "Lobron, Eric"]
[Result "1-0"]
[WhiteElo "2415"]
[BlackElo "2545"]
[EventDate "1990.01.??"]
[PlyCount "87"]

1.d4 Nf6 2.c4 e6 3.Nf3 d5 4.Nc3 Be7 5.Bg5 h6 6.Bh4 O-O 7.e3 b6 8.Rc1 Bb7 
9.Bxf6 Bxf6 10.cxd5 exd5 11.Bd3 Nd7 12.O-O Re8 13.Nb5 c5 14.Nd6 Bc6 15.
Nxe8 Qxe8 16.b3 Rd8 17.Qe2 Ba8 18.Rfe1 Qf8 19.Bf5 g6 20.Bh3 Nb8 21.g3 Nc6 
22.Red1 Nb4 23.Bg2 Bb7 24.Qd2 Nc6 25.dxc5 bxc5 26.Ne1 d4 27.Nd3 Bg5 28.f4 
Be7 29.e4 Ba6 30.Bf1 Bb7 31.Re1 a5 32.e5 Bc8 33.Bg2 Nb4 34.Nxb4 axb4 35.
Qd3 Qe8 36.Be4 Qd7 37.Bxg6 Qa7 38.Bxf7+ Kxf7 39.Qh7+ Ke6 40.f5+ Kd7 41.f6 
Re8 42.e6+ Kd6 43.Qf7 Rf8 44.fxe7 1-0

[Event "Bern zt"]
[Site "Bern"]
[Date "1990.??.??"]
[Round "10"]
[White "Brestian, Egon"]
[Black "Brunner, Lucas"]
[Result "1/2-1/2"]
[WhiteElo "2470"]
[BlackElo "2525"]
[EventDate "1990.01.??"]
[PlyCount "160"]

1.Nf3 Nf6 2.c4 e6 3.g3 d5 4.Bg2 Be7 5.O-O O-O 6.b3 c5 7.cxd5 exd5 8.Bb2 
Nc6 9.d4 Ne4 10.dxc5 Bxc5 11.Nc3 Nxc3 12.Bxc3 d4 13.Bb2 Bf5 14.Rc1 Qd6 15.
b4 Bxb4 16.Nxd4 Nxd4 17.Qxd4 Qxd4 18.Bxd4 Rfd8 19.Be3 Bd2 20.Rcd1 Bxe3 21.
fxe3 Be6 22.Bxb7 Rxd1 23.Rxd1 Rb8 24.Bd5 Rb2 25.Kf2 Kf8 26.Bxe6 fxe6 27.
Rd6 Rxa2 28.Rxe6 Kf7 29.Rc6 a5 30.Ra6 a4 31.e4 Ra3 32.h4 Ra1 33.e5 a3 34.
Ke3 a2 35.Ke4 h5 36.Ra8 Ke7 37.Ra3 Kf7 38.Ra4 Ke7 39.Ra5 Kf7 40.Ra7+ Ke6 
41.e3 g6 42.Ra3 Ke7 43.Ra6 Kf7 44.Rf6+ Ke7 45.Rf2 Kd7 46.Rc2 Kd8 47.Rd2+ 
Ke7 48.Kd5 Kd7 49.e6+ Ke7 50.e4 Rb1 51.Rxa2 Rb5+ 52.Kc4 Rb6 53.Kd4 Kxe6 
54.Ke3 Kf6 55.Kf4 Rb5 56.Ra6+ Kf7 57.Rd6 Ra5 58.Rd5 Ra3 59.Rb5 Rc3 60.Rb4 
Ra3 61.e5 Rc3 62.Rb6 Ra3 63.Rf6+ Kg7 64.Rc6 Kf7 65.Rc4 Ke6 66.Rb4 Rc3 67.
g4 hxg4 68.Kxg4 Re3 69.Kg5 Kxe5 70.Rg4 Ke6 71.Kxg6 Ke7 72.Kg7 Rh3 73.Re4+ 
Kd7 74.Kh6 Rh1 75.Rg4 Ke7 76.Kg6 Kf8 77.h5 Kg8 78.Kh6+ Kh8 79.Ra4 Rg1 80.
Ra7 Rg2 1/2-1/2

[Event "Bern zt"]
[Site "Bern"]
[Date "1990.??.??"]
[Round "11"]
[White "Bruk, Ofer"]
[Black "Manor, Ilan"]
[Result "1-0"]
[WhiteElo "2435"]
[BlackElo "2450"]
[EventDate "1990.01.??"]
[PlyCount "79"]

1.e4 d5 2.exd5 Nf6 3.d4 Nxd5 4.Nf3 g6 5.c4 Nb6 6.h3 Bg7 7.Nc3 O-O 8.Be2 
Nc6 9.Be3 e5 10.dxe5 Nxe5 11.Nxe5 Bxe5 12.Qxd8 Rxd8 13.Rc1 Bf5 14.b3 c6 
15.g4 Be6 16.Ne4 Kg7 17.Nc5 Rab8 18.O-O Bd4 19.Bxd4+ Rxd4 20.Rfd1 Rxd1+ 
21.Rxd1 Re8 22.f4 Bc8 23.Kf2 Na8 24.Bf3 Nc7 25.f5 gxf5 26.gxf5 b6 27.Nd7 
c5 28.Rg1+ Kh8 29.Nf6 Rf8 30.Be4 Ne8 31.Nxe8 Rxe8 32.Kf3 Rd8 33.Kf4 Rd2 
34.Ke5 h6 35.Kf6 Rxa2 36.Kxf7 Re2 37.Bb1 Bb7 38.Rg8+ Kh7 39.f6+ Be4 40.Re8
1-0

[Event "Bern zt"]
[Site "Bern"]
[Date "1990.??.??"]
[Round "11"]
[White "Brunner, Lucas"]
[Black "Kindermann, Stefan"]
[Result "1/2-1/2"]
[WhiteElo "2525"]
[BlackElo "2560"]
[EventDate "1990.01.??"]
[PlyCount "76"]

1.e4 e6 2.d4 d5 3.Nc3 Bb4 4.e5 c5 5.a3 Bxc3+ 6.bxc3 Ne7 7.Nf3 Bd7 8.a4 Qa5
9.Qd2 Nbc6 10.Ba3 cxd4 11.cxd4 Qxd2+ 12.Kxd2 Nf5 13.c3 Na5 14.Ra2 f6 15.
Bb5 Bxb5 16.axb5 Nc4+ 17.Kd3 a5 18.g4 Ne7 19.Re1 Ng6 20.exf6 Nf4+ 21.Kc2 
Nxa3+ 22.Rxa3 gxf6 23.g5 Rf8 24.b6 fxg5 25.Nxg5 Kd7 26.Nxh7 Rf5 27.Rg1 Kc6
28.Rg7 a4 29.Ra1 Nh5 30.Rc7+ Kxb6 31.Re7 Rxf2+ 32.Kd3 Rb2 33.Rxe6+ Kb5 34.
Re5 Nf4+ 35.Ke3 Ng2+ 36.Kd3 Nf4+ 37.Ke3 Ng2+ 38.Kd3 Nf4+ 1/2-1/2

[Event "Bern zt"]
[Site "Bern"]
[Date "1990.??.??"]
[Round "11"]
[White "Hug, Werner"]
[Black "Soffer, Ram"]
[Result "1/2-1/2"]
[WhiteElo "2445"]
[BlackElo "2440"]
[EventDate "1990.01.??"]
[PlyCount "26"]

1.Nf3 Nf6 2.g3 g6 3.Bg2 Bg7 4.O-O O-O 5.d3 d5 6.Nbd2 Re8 7.e4 e5 8.Re1 Nc6
9.c3 a5 10.a4 dxe4 11.Nxe4 Nxe4 12.dxe4 Qxd1 13.Rxd1 Be6 1/2-1/2

[Event "Bern zt"]
[Site "Bern"]
[Date "1990.??.??"]
[Round "11"]
[White "Lev, Ronen"]
[Black "Brestian, Egon"]
[Result "1/2-1/2"]
[WhiteElo "2390"]
[BlackElo "2470"]
[EventDate "1990.01.??"]
[PlyCount "86"]

1.d4 d5 2.c4 e6 3.Nc3 Nf6 4.cxd5 exd5 5.Bg5 c6 6.e3 h6 7.Bh4 Be7 8.Bd3 Ne4
9.Bxe7 Nxc3 10.bxc3 Qxe7 11.Ne2 Nd7 12.O-O Nf6 13.Ng3 O-O 14.Qc2 c5 15.
Rae1 Be6 16.f3 Rac8 17.Qb2 Qc7 18.Ne2 Rfe8 19.e4 dxe4 20.fxe4 cxd4 21.cxd4
Bc4 22.Rc1 b5 23.e5 Nd5 24.Ng3 Qb6 25.Bxc4 Rxc4 26.Rxc4 bxc4 27.Qf2 Qe6 
28.Nf5 c3 29.g3 Qg6 30.Qf3 Qe6 31.a3 Rd8 32.Nd6 Rd7 33.Ne4 Rd8 34.Nxc3 
Nxc3 35.Qxc3 Qg4 36.Rc1 Qxd4+ 37.Qxd4 Rxd4 38.Rc8+ Kh7 39.Rc7 Ra4 40.Rxf7 
Rxa3 41.Kf2 Ra5 42.Re7 Kg8 43.e6 Re5 1/2-1/2

[Event "Bern zt"]
[Site "Bern"]
[Date "1990.??.??"]
[Round "12"]
[White "Fauland, Alexander"]
[Black "Hickl, Joerg"]
[Result "1/2-1/2"]
[WhiteElo "2480"]
[BlackElo "2500"]
[EventDate "1990.01.??"]
[PlyCount "82"]

1.c4 e5 2.g3 Nf6 3.Bg2 c6 4.d4 d6 5.Nc3 Be7 6.e4 O-O 7.Nge2 Nbd7 8.O-O Re8
9.h3 a6 10.Be3 b5 11.cxb5 axb5 12.d5 cxd5 13.Nxd5 Nxd5 14.Qxd5 Rb8 15.Qd2 
b4 16.a3 Nc5 17.Rab1 Bb7 18.f3 Ba6 19.Rfd1 Bd3 20.Ra1 Bb5 21.Nc1 bxa3 22.
Rxa3 Ne6 23.Ra7 Ra8 24.Rxa8 Qxa8 25.Bf1 Bxf1 26.Kxf1 Rb8 27.Ne2 Qa6 28.b4 
h6 29.h4 Qc4 30.Rb1 Rb5 31.Qc3 d5 32.exd5 Qxd5 33.Kf2 Qb7 34.Bd2 h5 35.Qc4
g6 36.Kg2 Bc5 37.Rc1 Bd4 38.Qc8+ Qxc8 39.Rxc8+ Kg7 40.Rc4 Kf6 41.Bc3 Rd5 
1/2-1/2

[Event "Bern zt"]
[Site "Bern"]
[Date "1990.??.??"]
[Round "12"]
[White "Rechlis, Gad"]
[Black "Bischoff, Klaus"]
[Result "1/2-1/2"]
[WhiteElo "2470"]
[BlackElo "2505"]
[EventDate "1990.01.??"]
[PlyCount "32"]

1.d4 Nf6 2.c4 e6 3.Nc3 Bb4 4.e3 b6 5.Ne2 Ba6 6.a3 Bxc3+ 7.Nxc3 d5 8.b4 
Bxc4 9.Bxc4 dxc4 10.Qe2 Qd7 11.Qxc4 Qc6 12.Qxc6+ Nxc6 13.Ke2 O-O-O 14.Rd1 
Kb7 15.Bb2 Rd7 16.Rac1 Rhd8 1/2-1/2

[Event "Bern zt"]
[Site "Bern"]
[Date "1990.??.??"]
[Round "13"]
[White "Bischoff, Klaus"]
[Black "Fauland, Alexander"]
[Result "1-0"]
[WhiteElo "2505"]
[BlackElo "2480"]
[EventDate "1990.01.??"]
[PlyCount "75"]

1.d4 Nf6 2.c4 g6 3.Nc3 Bg7 4.e4 d6 5.Nf3 O-O 6.Be2 Bg4 7.Be3 Nfd7 8.Ng1 
Bxe2 9.Ngxe2 c5 10.O-O cxd4 11.Nxd4 Nc6 12.Rc1 Nde5 13.b3 Qa5 14.f3 a6 15.
Nd5 e6 16.Nxc6 Nxc6 17.Nb6 Rad8 18.Na4 Qe5 19.Bb6 Rd7 20.Kh1 Bh6 21.Rc2 f5
22.Re2 Rff7 23.Rfe1 Rfe7 24.Bf2 Qf6 25.Nb6 Rd8 26.exf5 gxf5 27.a3 Bf4 28.
b4 Qf7 29.b5 Qh5 30.Bg1 Ne5 31.Rxe5 Bxe5 32.Rxe5 dxe5 33.Qxd8+ Re8 34.Qf6 
e4 35.Bd4 e5 36.Bxe5 Qg6 37.Nd5 f4 38.Qxg6+ 1-0

[Event "Bern zt"]
[Site "Bern"]
[Date "1990.??.??"]
[Round "13"]
[White "Hug, Werner"]
[Black "Brestian, Egon"]
[Result "1/2-1/2"]
[WhiteElo "2445"]
[BlackElo "2470"]
[EventDate "1990.01.??"]
[PlyCount "39"]

1.Nf3 Nf6 2.g3 d5 3.Bg2 c6 4.O-O Bf5 5.d3 Nbd7 6.b3 e5 7.Bb2 Bd6 8.Nbd2 
O-O 9.Nh4 Bg6 10.Nxg6 hxg6 11.e4 dxe4 12.Nxe4 Nxe4 13.dxe4 Qe7 14.a4 Rfd8 
15.Qe2 Nf8 16.Rfd1 Bc5 17.Rxd8 Rxd8 18.Rd1 Rd6 19.Rxd6 Qxd6 20.Bh3 1/2-1/2

[Event "Bern zt"]
[Site "Bern"]
[Date "1990.??.??"]
[Round "13"]
[White "Lobron, Eric"]
[Black "Rechlis, Gad"]
[Result "1/2-1/2"]
[WhiteElo "2545"]
[BlackElo "2470"]
[EventDate "1990.01.??"]
[PlyCount "66"]

1.d4 Nf6 2.c4 e6 3.Nc3 Bb4 4.Qc2 c5 5.dxc5 O-O 6.Nf3 Na6 7.g3 Nxc5 8.Bg2 
Nce4 9.O-O Nxc3 10.bxc3 Be7 11.e4 d6 12.e5 dxe5 13.Nxe5 Qc7 14.Qe2 Nd7 15.
Bf4 Bd6 16.Nxd7 Bxd7 17.Bxd6 Qxd6 18.Bxb7 Rab8 19.Rab1 Bc6 20.Rfd1 Qc5 21.
Bxc6 Rxb1 22.Rxb1 Qxc6 23.Qe5 Qxc4 24.Rb8 g6 25.Rxf8+ Kxf8 26.Qb8+ Kg7 27.
Qxa7 Qxc3 28.h4 e5 29.a4 e4 30.Kh2 h6 31.Qb6 Qd2 32.Qc5 Kh7 33.Kg2 Qa2 
1/2-1/2

[Event "Bern zt"]
[Site "Bern"]
[Date "1990.??.??"]
[Round "13"]
[White "Zueger, Beat"]
[Black "Manor, Ilan"]
[Result "1/2-1/2"]
[WhiteElo "2415"]
[BlackElo "2450"]
[EventDate "1990.01.??"]
[PlyCount "53"]

1.d4 Nf6 2.c4 c5 3.d5 b5 4.cxb5 a6 5.b6 e6 6.Nc3 Nxd5 7.Nxd5 exd5 8.Qxd5 
Nc6 9.Nf3 Bb7 10.Ne5 Qe7 11.Bf4 g5 12.Nxc6 Bxc6 13.Qxg5 Qxg5 14.Bxg5 Rb8 
15.h4 Bg7 16.Rh3 Bd5 17.O-O-O Bxa2 18.b3 Rxb6 19.Re3+ Re6 20.Rd2 Rxe3 21.
Bxe3 Bxb3 22.Bxc5 Bc4 23.g4 Be6 24.e3 Bxg4 25.Bxa6 Be6 26.Bb5 Rg8 27.Bd4 
1/2-1/2

[Event "Bern zt"]
[Site "Bern"]
[Date "1990.??.??"]
[Round "14"]
[White "Kindermann, Stefan"]
[Black "Hug, Werner"]
[Result "1/2-1/2"]
[WhiteElo "2560"]
[BlackElo "2445"]
[EventDate "1990.01.??"]
[PlyCount "36"]

1.e4 e6 2.d4 d5 3.Nc3 Bb4 4.e5 c5 5.a3 Bxc3+ 6.bxc3 Ne7 7.Qg4 Qc7 8.Qxg7 
Rg8 9.Qxh7 cxd4 10.Ne2 dxc3 11.f4 b6 12.Nd4 a6 13.Qd3 Bb7 14.a4 Nbc6 15.
Rb1 Nf5 16.Be3 Ncxd4 17.Bxd4 Qd7 18.Rxb6 Qxa4 1/2-1/2

[Event "Bern zt"]
[Site "Bern"]
[Date "1990.??.??"]
[Round "14"]
[White "Manor, Ilan"]
[Black "Hickl, Joerg"]
[Result "1/2-1/2"]
[WhiteElo "2450"]
[BlackElo "2500"]
[EventDate "1990.01.??"]
[PlyCount "96"]

1.d4 d6 2.e4 Nf6 3.f3 Nbd7 4.c4 e5 5.d5 Be7 6.Be3 h6 7.Ne2 Nh7 8.Nbc3 a5 
9.g3 Bg5 10.Bf2 h5 11.h4 Bh6 12.Bh3 g6 13.Qc2 b6 14.g4 hxg4 15.fxg4 Nc5 
16.g5 Bxh3 17.Rxh3 Bg7 18.Rg3 f6 19.O-O-O fxg5 20.Be3 gxh4 21.Rxg6 Bf6 22.
Rf1 Qe7 23.Ng1 O-O-O 24.Qe2 Kb7 25.Bxc5 dxc5 26.Qg4 Qf7 27.Qf5 Rdg8 28.
Rxg8 Rxg8 29.Nf3 Bg5+ 30.Kc2 Qxf5 31.exf5 Bf6 32.Ne4 Rg4 33.Kd3 a4 34.b3 
Ka6 35.bxa4 Ka5 36.Nfd2 Kxa4 37.Nc3+ Ka5 38.Nde4 h3 39.Rh1 Rh4 40.Nb5 Bd8 
41.Na7 Ka6 42.Nc6 Bf6 43.Nb8+ Kb7 44.Nc6 h2 45.a4 Rh3+ 46.Kc2 Rh4 47.Kd3 
Rh3+ 48.Kc2 Rh4 1/2-1/2

[Event "Bern zt"]
[Site "Bern"]
[Date "1990.??.??"]
[Round "14"]
[White "Soffer, Ram"]
[Black "Bischoff, Klaus"]
[Result "1/2-1/2"]
[WhiteElo "2440"]
[BlackElo "2505"]
[EventDate "1990.01.??"]
[PlyCount "27"]

1.d4 Nf6 2.Nf3 e6 3.c4 b6 4.g3 Ba6 5.b3 Bb7 6.Bg2 Bb4+ 7.Bd2 a5 8.O-O O-O 
9.Qc2 d6 10.Bc3 Nbd7 11.a3 Bxc3 12.Nxc3 Re8 13.e4 e5 14.d5 1/2-1/2

[Event "Bern zt"]
[Site "Bern"]
[Date "1990.??.??"]
[Round "14"]
[White "Wahls, Matthias"]
[Black "Bruk, Ofer"]
[Result "0-1"]
[WhiteElo "2565"]
[BlackElo "2435"]
[EventDate "1990.01.??"]
[PlyCount "50"]

1.e4 e6 2.d4 d5 3.Nd2 c5 4.exd5 exd5 5.Ngf3 Nf6 6.Bb5+ Bd7 7.Be2 Nc6 8.O-O
cxd4 9.Nb3 Be7 10.Nfxd4 O-O 11.Nxc6 bxc6 12.Be3 Re8 13.c4 Bd6 14.cxd5 Nxd5
15.Bd4 Qg5 16.Bf3 Bh3 17.Kh1 Qh6 18.Rg1 Bxh2 19.gxh3 Bxg1 20.Bxd5 Qxh3+ 
21.Kxg1 cxd5 22.Qf1 Qh6 23.Qg2 Re6 24.Qxd5 Rae8 25.Be3 Qh3 0-1

[Event "Bern zt"]
[Site "Bern"]
[Date "1990.??.??"]
[Round "15"]
[White "Bischoff, Klaus"]
[Black "Manor, Ilan"]
[Result "1/2-1/2"]
[WhiteElo "2505"]
[BlackElo "2450"]
[EventDate "1990.01.??"]
[PlyCount "35"]

1.Nf3 g6 2.e4 Bg7 3.d4 d6 4.c3 Nf6 5.Qc2 O-O 6.Be2 Nc6 7.O-O e5 8.dxe5 
Nxe5 9.Nxe5 dxe5 10.a4 a5 11.Nd2 Be6 12.Nc4 Nd7 13.Rd1 Qe7 14.b3 Rfe8 15.
Ne3 c6 16.Nc4 Nc5 17.Be3 Bf8 18.Nd2 1/2-1/2

[Event "Bern zt"]
[Site "Bern"]
[Date "1990.??.??"]
[Round "15"]
[White "Hug, Werner"]
[Black "Wahls, Matthias"]
[Result "1/2-1/2"]
[WhiteElo "2445"]
[BlackElo "2565"]
[EventDate "1990.01.??"]
[PlyCount "59"]

1.Nf3 Nf6 2.g3 g6 3.Bg2 Bg7 4.O-O O-O 5.d3 d5 6.Nbd2 d4 7.Nc4 c5 8.a4 Nd5 
9.Nfd2 Nc6 10.e4 dxe3 11.fxe3 b6 12.Qf3 Be6 13.Ne4 h6 14.Nf2 Qd7 15.c3 
Rac8 16.Qe2 Nf6 17.e4 Rfd8 18.Bf4 Ng4 19.Nxg4 Bxg4 20.Bf3 Be6 21.Rad1 Qe8 
22.Bg4 Qd7 23.Bxe6 Qxe6 24.Rf3 Rd7 25.Rdf1 Rf8 26.Bc1 Rb7 27.R3f2 Qd7 28.
Qc2 Rbb8 29.Bf4 Rbd8 30.Rf3 1/2-1/2

[Event "Bern zt"]
[Site "Bern"]
[Date "1990.??.??"]
[Round "15"]
[White "Lobron, Eric"]
[Black "Soffer, Ram"]
[Result "1/2-1/2"]
[WhiteElo "2545"]
[BlackElo "2440"]
[EventDate "1990.01.??"]
[PlyCount "72"]

1.Nf3 Nf6 2.c4 c6 3.e3 d5 4.d4 e6 5.Be2 Nbd7 6.O-O Bd6 7.b3 O-O 8.Nbd2 b6 
9.Bb2 Bb7 10.a4 a5 11.Ne5 Qe7 12.Bf3 c5 13.Nxd7 Nxd7 14.cxd5 exd5 15.Nc4 
dxc4 16.Bxb7 Rab8 17.Bf3 b5 18.dxc5 Nxc5 19.bxc4 bxc4 20.Bc3 Nd3 21.Rb1 
Bb4 22.Bd4 Rfd8 23.Bc6 Ne5 24.Be4 g6 25.Qe2 Rbc8 26.Rbc1 c3 27.Rc2 Nc4 28.
Bf3 Nd2 29.Rfc1 Nb3 30.Rd1 Nxd4 31.exd4 Qxe2 32.Bxe2 Rc7 33.d5 Re7 34.Kf1 
Kf8 35.Bb5 Re5 36.d6 Rxd6 1/2-1/2

[Event "Bern zt"]
[Site "Bern"]
[Date "1990.??.??"]
[Round "15"]
[White "Rechlis, Gad"]
[Black "Fauland, Alexander"]
[Result "1-0"]
[WhiteElo "2470"]
[BlackElo "2480"]
[EventDate "1990.01.??"]
[PlyCount "87"]

1.d4 Nf6 2.c4 e6 3.Nc3 Bb4 4.e3 c5 5.Ne2 cxd4 6.exd4 d5 7.c5 O-O 8.a3 
Bxc3+ 9.Nxc3 b6 10.b4 bxc5 11.dxc5 a5 12.b5 d4 13.Na4 Bb7 14.f3 e5 15.c6 
Nxc6 16.bxc6 Bxc6 17.Bd3 Qe8 18.Nc5 Qe7 19.Nb3 a4 20.Nd2 Rac8 21.O-O Nd5 
22.Nc4 f5 23.Qe1 Rce8 24.Na5 Ba8 25.Bd2 Qa7 26.Kh1 e4 27.fxe4 fxe4 28.
Rxf8+ Kxf8 29.Bb5 Re6 30.Rc1 e3 31.Bb4+ Kf7 32.Bc5 Qb8 33.Bxd4 Qxb5 34.Qg3
g6 35.Nc4 Qb7 36.Nd6+ Rxd6 37.Qxd6 Ne7 38.Rg1 Nf5 39.Qf6+ Ke8 40.Bxe3 Qd5 
41.Bg5 Qe4 42.Qh8+ Kf7 43.Qxh7+ Kf8 44.Qh8+ 1-0

[Event "Lyon zt"]
[Site "Lyon"]
[Date "1990.??.??"]
[Round "1"]
[White "Brenninkmeijer, Joris"]
[Black "Van der Sterren, Paul"]
[Result "1-0"]
[WhiteElo "2475"]
[BlackElo "2515"]
[EventDate "1990.04.??"]
[PlyCount "85"]

1.d4 d5 2.c4 e6 3.Nc3 Nf6 4.cxd5 exd5 5.Bg5 Be7 6.e3 O-O 7.Bd3 Nbd7 8.Nge2
c6 9.Qc2 Re8 10.O-O Nf8 11.Rae1 Be6 12.f3 N6d7 13.Bxe7 Qxe7 14.Nf4 Qd6 15.
Qf2 Nb6 16.a3 Bd7 17.Re2 c5 18.dxc5 Qxc5 19.Rd1 Bc6 20.Bb1 Rad8 21.Ba2 Rd7
22.Nd3 Qe7 23.Nb4 Qc5 24.Nd3 Qe7 25.Nb4 Qc5 26.Bb3 Nc4 27.e4 Qxf2+ 28.Kxf2
d4 29.Nxc6 dxc3 30.Rxd7 Nxd7 31.Bxc4 bxc6 32.bxc3 Rb8 33.Rd2 Ne5 34.Ba2 g5
35.Ke3 Kf8 36.g3 Ke7 37.f4 gxf4+ 38.gxf4 Ng6 39.a4 a5 40.e5 Nh4 41.Ke4 Rg8
42.Rb2 f5+ 43.exf6+ 1-0

[Event "Lyon zt"]
[Site "Lyon"]
[Date "1990.??.??"]
[Round "1"]
[White "Renet, Olivier"]
[Black "Koch, Jean Rene"]
[Result "1-0"]
[WhiteElo "2520"]
[BlackElo "2425"]
[EventDate "1990.04.??"]
[PlyCount "61"]

1.e4 c5 2.Nf3 d6 3.d4 cxd4 4.Nxd4 Nf6 5.Nc3 g6 6.Be3 Bg7 7.f3 O-O 8.Qd2 
Nc6 9.Bc4 Bd7 10.h4 Ne5 11.Bb3 h5 12.O-O-O Rc8 13.Bh6 Bxh6 14.Qxh6 Rxc3 
15.bxc3 Qc7 16.Kb1 Qxc3 17.Ne2 Qb4 18.Rd4 Qb6 19.Rhd1 Rc8 20.Nf4 Nc4 21.
Nxg6 fxg6 22.e5 Nh7 23.exd6 e6 24.Qxg6+ Kh8 25.Qxh5 Qb4 26.Rxc4 Rxc4 27.
Qf7 Qb5 28.h5 Rc8 29.h6 Rg8 30.g4 a5 31.c4 1-0

[Event "Lyon zt"]
[Site "Lyon"]
[Date "1990.??.??"]
[Round "1"]
[White "Stull, Norbert"]
[Black "Van der Wiel, John"]
[Result "0-1"]
[WhiteElo "2235"]
[BlackElo "2550"]
[EventDate "1990.04.??"]
[PlyCount "84"]

1.d4 Nf6 2.c4 g6 3.Nc3 Bg7 4.e4 d6 5.Be2 O-O 6.Bg5 Nbd7 7.Qd2 c6 8.Nf3 d5 
9.exd5 cxd5 10.cxd5 Nb6 11.O-O Nbxd5 12.Bh6 Nxc3 13.bxc3 Ne4 14.Qe3 Nxc3 
15.Bc4 Nd5 16.Bxd5 Qxd5 17.Bxg7 Kxg7 18.Qxe7 Bg4 19.Qe5+ Qxe5 20.Nxe5 Be6 
21.Rfd1 Rfd8 22.Rd2 Rac8 23.f3 h5 24.f4 Rc3 25.Rb1 b6 26.Rb5 Bd5 27.Kf2 
Rd6 28.Rbb2 f6 29.Nf3 Bxf3 30.gxf3 Kf7 31.Rb3 Rxb3 32.axb3 Rd5 33.Ke3 Rb5 
34.Rd3 Ke6 35.Kd2 Ra5 36.Kc3 Ra2 37.Re3+ Kd6 38.h4 Rh2 39.Re8 Rxh4 40.Rd8+
Ke7 41.Ra8 Rxf4 42.Rxa7+ Kd6 0-1

[Event "Lyon zt"]
[Site "Lyon"]
[Date "1990.??.??"]
[Round "2"]
[White "Miralles, Gilles"]
[Black "Van der Wiel, John"]
[Result "1/2-1/2"]
[WhiteElo "2460"]
[BlackElo "2550"]
[EventDate "1990.04.??"]
[PlyCount "122"]

1.d4 Nf6 2.c4 e6 3.Nf3 b6 4.Nbd2 Ba6 5.g3 Bb4 6.Qc2 Bb7 7.Bg2 Be4 8.Qa4 
Nc6 9.O-O Bxd2 10.Bxd2 Bxf3 11.Bxf3 Nxd4 12.Bxa8 Nxe2+ 13.Kg2 Qxa8+ 14.f3 
Nd4 15.Rae1 Qc6 16.Qxc6 Nxc6 17.Bc3 Ke7 18.f4 d6 19.h3 a5 20.b3 Rc8 21.Re2
Nb8 22.g4 h6 23.Kf3 Nbd7 24.h4 g6 25.g5 hxg5 26.hxg5 Nh5 27.f5 e5 28.f6+ 
Ke6 29.Kg4 Re8 30.Re3 Nf8 31.Rd1 Nf4 32.Bb2 Nd7 33.Rf1 Nh5 34.a3 Ra8 35.
Rg1 Rh8 36.Rf1 Nb8 37.b4 axb4 38.axb4 Nc6 39.Bc3 Ra8 40.b5 Na5 41.Re4 Nb3 
42.Rfe1 Nc5 43.R4e3 Ra4 44.Bxe5 Rxc4+ 45.Bf4+ Kd7 46.Re7+ Kc8 47.Rxf7 
Rxf4+ 48.Kh3 Ne4 49.Rf8+ Kb7 50.Kg2 Nexf6 51.gxf6 Rxf6 52.Rxf6 Nxf6 53.Kf3
Nd7 54.Ke4 Ne5 55.Kd5 g5 56.Rg1 g4 57.Rg2 Kc8 58.Rg1 Kd7 59.Rg2 Ke7 60.Rc2
Kd7 61.Rg2 Ke7 1/2-1/2

[Event "Lyon zt"]
[Site "Lyon"]
[Date "1990.??.??"]
[Round "2"]
[White "Piket, Jeroen"]
[Black "Kuijf, Marinus"]
[Result "1/2-1/2"]
[WhiteElo "2495"]
[BlackElo "2490"]
[EventDate "1990.04.??"]
[PlyCount "32"]

1.d4 d5 2.Nf3 Bf5 3.c4 e6 4.Nc3 c6 5.g3 Nf6 6.Bg2 Be7 7.O-O h6 8.Bf4 O-O 
9.h3 Nbd7 10.g4 Bh7 11.cxd5 cxd5 12.Ne5 Qb6 13.Qa4 Rfd8 14.Nxd7 Rxd7 15.
Be5 Rad8 16.Qb5 Qxb5 1/2-1/2